| 000 | 01041cam a2200253 a 4500 | ||
|---|---|---|---|
| 999 |
_c43833 _d43833 |
||
| 001 | 1191182 | ||
| 005 | 20221116144331.0 | ||
| 008 | 970825s1997 enka 001 0 eng d | ||
| 010 | _a 97187305 | ||
| 020 | _a0521559286 (with answers) x | ||
| 020 | _a0521559278 (without answers)x | ||
| 042 | _alccopycat | ||
| 080 | _a811.111 M-96 | ||
| 100 | 1 |
_aMurphy, Raymond. _92082 |
|
| 245 | 1 | 0 |
_aEssential grammar in use : _ba self-study reference and practice book for elementary students of English : with answers / _cRaymond Murphy. |
| 250 | _a2nd ed., New ed. | ||
| 264 |
_aNew York, NY, USA : _bCambridge University Press, _c1997. |
||
| 300 |
_a300 p. : _bill. ; _c25 cm. |
||
| 500 | _aIncludes index. | ||
| 650 | 0 |
_aEnglish language _xStudy and teaching (Elementary) _xForeign speakers. _92085 |
|
| 650 | 0 |
_aLanguage arts (Elementary) _92086 |
|
| 653 | _a ინგლისური ენის ელემენტარული გრამატიკა მასწავლებლიასთვის | ||
| 942 |
_2udc _cBK |
||